000 00544nam a22001817a 4500
005 20231113073751.0
008 231113b |||||||| |||| 00| 0 eng d
020 _a07021036667
041 _aEnglish
082 _a346 KAH
100 _aKahn, E
_lEnglish
245 _aSouth African Law of Domicile of Natural Persons /
_cE Kahn
250 _aFirst Edition
260 _aCape Town :
_bJuta and Company Ltd,
_c1972
300 _bxii, 103 pages ;
_c24,5 cm.
650 _aLegal practice
_bLaw
942 _cBK
_6ALISON_BN_VRIES
999 _c545
_d545